Statistics for Who is this?

Click here to take the quiz!

General Stats

  • This quiz has been taken 19 times
  • The average score is 4 of 10

Answer Stats

Answer% Correct
Joseph Stalin
95%
Winston Churchill
89%
Benito Mussolini
63%
Charles de Gaulle
63%
Hirohito
58%
Erwin Rommel
21%
Franklin Delano Roosevelt
11%
Georgy Zhukov
5%
Hideki Tojo
5%
Hermann Goering
0%

Score Distribution

Percentile by Number Answered

Percent of People with Each Score

Your Score History

You have not taken this quiz